000
00342 a2200157 4500
001
13903
020
_a
9788516093440
040
_c
Anchieta - Aquarius
100
_a
Draguer, Ricardo
240
1
0
_a
=O homem-pássaro
_l
por
245
1
0
_a
=O homem-pássaro
300
_a
48
362
0
_a
2014
650
4
_a
Literatura brasileira
942
_c
BK
999
_c
13903
_d
13903